LEADER 00814nam0-2200313---450- 001 990008844640403321 005 20090422120339.0 010 $a88-7737-180-3 035 $a000884464 035 $aFED01000884464 035 $a(Aleph)000884464FED01 035 $a000884464 100 $a20090422d1992----km-y0itay50------ba 101 0 $aita 102 $aIT 105 $aa-------001yy 200 1 $aLiguria$fLucia Nuti 210 $aFirenze$cCantini$dc1992 215 $a255 p.$cill.$d31 cm 225 1 $a<>cultura delle cittā 610 0 $aLiguria$aMorfologia$aArredo urbano 700 1$aNuti,$bLucia$010968 801 0$aIT$bUNINA$gRICA$2UNIMARC 901 $aBK 912 $a990008844640403321 952 $aURB.LE C 98$b4614$fFARBC 959 $aFARBC 996 $aLiguria$9805278 997 $aUNINA LEADER 04381nam 22009135 450 001 9910805582603321 005 20250905114740.0 010 $a9783031500756 010 $a303150075X 024 7 $a10.1007/978-3-031-50075-6 035 $a(CKB)30098002900041 035 $a(MiAaPQ)EBC31083031 035 $a(Au-PeEL)EBL31083031 035 $a(DE-He213)978-3-031-50075-6 035 $a(EXLCZ)9930098002900041 100 $a20240121d2024 u| 0 101 0 $aeng 135 $aur||||||||||| 181 $ctxt$2rdacontent 182 $cc$2rdamedia 183 $acr$2rdacarrier 200 10$aAdvances in Computer Graphics $e40th Computer Graphics International Conference, CGI 2023, Shanghai, China, August 28 ? September 1, 2023, Proceedings, Part III /$fedited by Bin Sheng, Lei Bi, Jinman Kim, Nadia Magnenat-Thalmann, Daniel Thalmann 205 $a1st ed. 2024. 210 1$aCham :$cSpringer Nature Switzerland :$cImprint: Springer,$d2024. 215 $a1 online resource (522 pages) 225 1 $aLecture Notes in Computer Science,$x1611-3349 ;$v14497 311 08$a9783031500749 327 $aDetection and Recognition -- Image Analysis and Processing; Image Restoration and Enhancement; Image Attention and Perception -- Reconstruction; Rendering and Animation -- Synthesis and Generation -- Visual Analytics and Modeling; Graphics and AR/VR -- Medical Imaging and Robotics -- Theoretical Analysis; Image Analysis and Visualization in Advanced Medical Imaging Technology -- Empowering Novel Geometric Algebra for Graphics and Engineering. 330 $aThis 4-volume set of LNCS 14495-14498 constitutes the proceedings of the 40th Computer Graphics International Conference, CGI 2023, held in Shanghai, China, August 28 ? September 1, 2023. The 149 papers in this set were carefully reviewed and selected from 385 submissions. They are organized in topical sections as follows: Detection and Recognition; Image Analysis and Processing; Image Restoration and Enhancement; Image Attention and Perception; Reconstruction; Rendering and Animation; Synthesis and Generation; Visual Analytics and Modeling; Graphics and AR/VR; Medical Imaging and Robotics; Theoretical Analysis; Image Analysis and Visualization in Advanced Medical Imaging Technology; Empowering Novel Geometric Algebra for Graphics and Engineering. 410 0$aLecture Notes in Computer Science,$x1611-3349 ;$v14497 606 $aApplication software 606 $aComputer systems 606 $aComputer networks 606 $aData structures (Computer science) 606 $aInformation theory 606 $aCoding theory 606 $aComputer science 606 $aComputer and Information Systems Applications 606 $aComputer System Implementation 606 $aComputer Communication Networks 606 $aData Structures and Information Theory 606 $aCoding and Information Theory 606 $aTheory of Computation 606 $aProgramari d'aplicaciķ$2thub 606 $aSistemes informātics$2thub 606 $aXarxes d'ordinadors$2thub 606 $aEstructures de dades (Informātica)$2thub 606 $aTeoria de la informaciķ$2thub 606 $aTeoria de la codificaciķ$2thub 608 $aCongressos$2thub 608 $aLlibres electrōnics$2thub 615 0$aApplication software. 615 0$aComputer systems. 615 0$aComputer networks. 615 0$aData structures (Computer science) 615 0$aInformation theory. 615 0$aCoding theory. 615 0$aComputer science. 615 14$aComputer and Information Systems Applications. 615 24$aComputer System Implementation. 615 24$aComputer Communication Networks. 615 24$aData Structures and Information Theory. 615 24$aCoding and Information Theory. 615 24$aTheory of Computation. 615 7$aProgramari d'aplicaciķ 615 7$aSistemes informātics 615 7$aXarxes d'ordinadors 615 7$aEstructures de dades (Informātica) 615 7$aTeoria de la informaciķ 615 7$aTeoria de la codificaciķ 676 $a929.605 702 $aSheng$b Bin$f1981 July- 801 0$bMiAaPQ 801 1$bMiAaPQ 801 2$bMiAaPQ 906 $aBOOK 912 $a9910805582603321 996 $aAdvances in Computer Graphics$9772590 997 $aUNINA